| 000 | 00706nam a22001937a 4500 | ||
|---|---|---|---|
| 003 | 0 | ||
| 005 | 20250204171334.0 | ||
| 008 | 250204b xxu||||| |||| 00| 0 eng d | ||
| 050 |
_aHD 45 _b.T75 2019 |
||
| 100 | _aTria, Dominic E. | ||
| 245 |
_aDigital landscape of service industries _bbusiness transformation framework. _cDominic E. Tria |
||
| 260 |
_aLas Pinas City _bSouthville International School and Colleges _c2019 |
||
| 300 |
_ai, 139 pages; _c28cm. |
||
| 500 | _aMaster of Business Administration. | ||
| 504 | _aIncludes bibliographical references and appendices. | ||
| 650 | _aDigital Transformation--Service Industries. | ||
| 650 | _aTechnological Advancements --Business. | ||
| 942 |
_2lcc _cTH |
||
| 999 |
_c367131 _d367131 |
||